О тепловом режиме пиролиза гранулированного лигнина в плотном слое; Сборник трудов Всесоюзного научно-исследовательского института гидролиза растительных материалов (ВНИИГидролиз); Том 26: Переработка древесины методом гидролиза

Podrobná bibliografie
Parent link:Сборник трудов Всесоюзного научно-исследовательского института гидролиза растительных материалов (ВНИИГидролиз)/ Всесоюзный научно-исследовательский институт гидролиза растительных материалов (ВНИИГидролиз).— , 1968-1989
Том 26: Переработка древесины методом гидролиза.— 1976.— С. 112-121
Další autoři: Цыганов Е. А., Ахмина Е. И., Шлиниченко В. П., Шашукова И. В.
Jazyk:ruština
Vydáno: 1976
Edice:Переработка гидролизного лигнина
Médium: MixedMaterials Kapitola
KOHA link:https://koha.lib.tpu.ru/cgi-bin/koha/opac-detail.pl?biblionumber=196510

MARC

LEADER 00000naa2a2200000 4500
001 196510
005 20231031183121.0
035 |a (RuTPU)RU\TPU\book\214380 
035 |a RU\TPU\book\214379 
090 |a 196510 
100 |a 20110524d1976 k y0rusy50 ca 
101 0 |a rus 
102 |a RU 
200 1 |a О тепловом режиме пиролиза гранулированного лигнина в плотном слое  |f Е. А. Цыганов [и др.] 
225 1 |a Переработка гидролизного лигнина 
320 |a Библиогр.: с. 121 (14 назв.) 
461 0 |0 (RuTPU)RU\TPU\book\213513  |t Сборник трудов Всесоюзного научно-исследовательского института гидролиза растительных материалов (ВНИИГидролиз)  |f Всесоюзный научно-исследовательский институт гидролиза растительных материалов (ВНИИГидролиз)  |d 1968-1989 
463 0 |0 (RuTPU)RU\TPU\book\214208  |t Том 26: Переработка древесины методом гидролиза  |f отв. ред. Т. Н. Семушина  |v С. 112-121  |d 1976  |p 136 с. 
701 1 |a Цыганов  |b Е. А. 
701 1 |a Ахмина  |b Е. И. 
701 1 |a Шлиниченко  |b В. П. 
701 1 |a Шашукова  |b И. В. 
801 1 |a RU  |b 63413507  |c 20110523 
801 2 |a RU  |b 63413507  |c 20111012  |g RCR 
942 |c BK